00420nam a22001337a 4500003000600000005001700006008004100023040000800064082002000072245008900092260005100181300002700232650002700259GBCCL20241126110625.0180726b ||||| |||| 00| 0 eng d cGBC aVER 390.08bPAI aPaite Pupa Ngeina 1986:bThe Paite Customary Laws 1986 (the code of Paite customs) / aChurachandpur:bPaite National Council,c1986. a42 p.,c20 cm x 13 cm. aCustom - Paite - India